000 00412nab a2200145Ia 4500
003 ES-SlBCS
005 20210601131735.0
008 140529s1954 xxu||||| |||| 00| 0 fre d
041 _afre
100 1 _aMartel, Pierre-Albin
_9188289
245 0 0 _aGenève et la paix
_c Pierre-Albin Martel
650 0 4 _aGinebra-Paz
_9188459
773 0 _tVie Intelectuelle (La)
_gnº. 6, 1954, págs. 81-88
_wRev907
942 _cAR
999 _c567977
_d567977